Corporate Identity vo firme Syráreň Bel Slovensko, a.s. diplomová práca

Enregistré dans:
Détails bibliographiques
Auteur principal: Petraninová, Eva
Collectivité auteur: Obchodná fakulta EU. Katedra marketingu
Autres auteurs: Labská, Helena
Format: Livre
Langue:slovaque
Publié: Bratislava 2009
Tags: Ajouter un tag
Pas de tags, Soyez le premier à ajouter un tag!

MARC

LEADER 00000nam$a2200000$$$4500
001 0098011
005 20240318135329.7
041 0 |a slo 
044 |a SK 
245 1 0 |a Corporate Identity vo firme Syráreň Bel Slovensko, a.s.  |b diplomová práca  |c Eva Petraninová ; škol. Helena Labská 
264 1 |a Bratislava  |c 2009 
300 |a 109 s. 
100 1 |a Petraninová, Eva 
700 1 |a Labská, Helena 
710 2 |a Obchodná fakulta EU. Katedra marketingu